Bão và cách chống bão của tàu thuyền

Bewaard in:
Bibliografische gegevens
Hoofdauteur: Vũ Phi Hoàng
Formaat: Boek
Taal:Undetermined
Gepubliceerd in: Hà Nội KHKT 1974
Onderwerpen:
Tags: Voeg label toe
Geen labels, Wees de eerste die dit record labelt!
Thư viện lưu trữ: Trung tâm Học liệu Trường Đại học Cần Thơ
LEADER 00520nam a2200181Ia 4500
001 CTU_3291
008 210402s9999 xx 000 0 und d
082 |a 551.55 
082 |b H407 
100 |a Vũ Phi Hoàng 
245 0 |a Bão và cách chống bão của tàu thuyền 
245 0 |c Vũ Phi Hoàng 
260 |a Hà Nội 
260 |b KHKT 
260 |c 1974 
650 |a storms,typhoons 
904 |i Nguyễn Quang Điền, 960601 
980 |a Trung tâm Học liệu Trường Đại học Cần Thơ